000 00455nam a2200181Ia 4500
001 9921
005 20260306161754.0
008 260306t2004||||xx |||||||||||||| ||spa||
041 _aESP
082 _a808.51
_bP75
100 _aPolito, Reinaldo
_eAUT
245 0 _aCómo hablar bien en público:
_bCada palabra puede ser decisiva
260 _c2004
300 _a248 páginas :
_c24 cm.
650 _aGEN
654 _aCHU
942 _cLIB
_dJUS
_fJUS
_2ddc
_n
999 _c9921
_d9921